Visualizzazione normale
Vista MARC
- Brunvar
di Personal Name
Records bibliografici associati: 1
001 - CONTROL NUMBER
- control field: 4216
003 - CONTROL NUMBER IDENTIFIER
- control field: IT-RoPau
005 - DATE AND TIME OF LATEST TRANSACTION
- control field: 20131128114732.0
008 - FIXED-LENGTH DATA ELEMENTS
- fixed length control field: 131128|| aca||aabn | a|a d
040 ## - CATALOGING SOURCE
- Original cataloging agency: IT-RoPau
- Transcribing agency: IT-RoPau
100 ## - HEADING--PERSONAL NAME
- Personal name: Brunvar
- Miscellaneous information: Codice autore musica SPICS: 24526
- Relator term: Autore musica
- Name of part/section of a work: The Land of My Dreams
670 ## - SOURCE DATA FOUND
- Source citation: Work cat.: (IT-RoPau)103729: AA.VV. 794, Parata di solisti (Lp Hit 30.238)